Introduction to computer graphics (Record no. 440)

MARC details
000 -LEADER
fixed length control field 00439 a2200169 4500
001 - CONTROL NUMBER
control field 066380
003 - CONTROL NUMBER IDENTIFIER
control field OSt
005 - DATE AND TIME OF LATEST TRANSACTION
control field 20210927144715.0
008 - FIXED-LENGTH DATA ELEMENTS--GENERAL INFORMATION
fixed length control field
082 ## - DEWEY DECIMAL CLASSIFICATION NUMBER
Classification number 006.6
Item number M89I
100 1# - MAIN ENTRY--PERSONAL NAME
Personal name Mukhopadhyay, Anirban
245 1# - TITLE STATEMENT
Title Introduction to computer graphics
Statement of responsibility, etc by Anirban Mukhopadhyay
260 ## - PUBLICATION, DISTRIBUTION, ETC. (IMPRINT)
Place of publication, distribution, etc New Delhi
Name of publisher, distributor, etc Vikas Publishing
Date of publication, distribution, etc 2003
300 ## - PHYSICAL DESCRIPTION
Extent 434p.
690 ## - LOCAL SUBJECT ADDED ENTRY--TOPICAL TERM (OCLC, RLIN)
Topical term or geographic name as entry element Computer graphics
942 ## - ADDED ENTRY ELEMENTS (KOHA)
Source of classification or shelving scheme Dewey Decimal Classification
Koha item type Books
Holdings
Withdrawn status Lost status Source of classification or shelving scheme Damaged status Not for loan Collection code Home library Current library Date acquired Source of acquisition Cost, normal purchase price Full call number Barcode Date last seen Price effective from Koha item type
    Dewey Decimal Classification     General Text Book Central University Of Rajasthan Central University Of Rajasthan 07/03/2012 CSC 250.00 006.6 M89I 666 21/11/2024 02/09/2020 Books